Ranczo - ekstremalnie trudny cz.1 - Statystyki

Ogólne statystyki
  • Ten quiz został rozwiązany 2 764 razy
  • Średni wynik to 6 z 13
Statystyki odpowiedzi
Zagadnienie Odpowiedź % Poprawnych
Do jakiej ambasady, zamiast amerykańskiej, dodzwonili się Hadziuk z Solejukiem? niemieckiej
72%
Na czyją trenerkę powinni wziąć Michałową, bo tak dobrze łapie wszystkich gości księdza? (scena z chorym księdzem i wizytą Lucy) Dudka
71%
Ile wypił Kusy, chcąc popełnić samobójstwo? 0.5l
70%
Na czym pędzoną nalewkę miał Kusy na piersi, co później Lucy uznała za krew i wezwała ambulans? wiśniach
64%
Jaką prędkość odczytał radar Staśka mierząc prędkość samolotu Marianka? 110
46%
Jak nazywali się chłopacy Klaudii, kolejno punk i religijny? Jarek i Adam
45%
W rozmowie z Wójtową o kozach, Wójt mówi, że jak kozy przywiozą to już nie będą Wilkowyje tylko... Koziebeki
41%
Ile musiał dołożyć Więcławski do remontu dworku i ile z tego obiecał pokryć wójt? 35000; 25000
38%
Kogo tak siekierą po odpuście popieścili, że do dzisiaj od tego się jąka? Młodego Pyrka
36%
O czym mówi Czerepach w momencie kiedy Solejukowa zakazuje Kaśce czytać w ostatniej scenie? przedstawia zasługi wójta dla gminy
35%
O której Lucy miała przyjechać do Wilkowyj? 13:00
30%
Dlaczego wójt przyszedł później do domu (i przeraził się na widok Klaudii-gotki)? miał szkolenie z Unii
24%
Kandydatem jakiej partii wg swojego plakatu wyborczego jest wójt? (chodzi o dokładne wyrażenie użyte na plakacie) Lewicy
11%
Nie znaleziono quizów pasujących do podanych kryteriów
Rozkład punktacji
Procent ludzi z każdym wynikiem
Percentyl według liczby udzielonych odpowiedzi
Twoja historia wyników
Nie rozwiązałeś tego quizu